[Event "POL-chT 1st League 2020"]
[Site "Ustron"]
[Date "2020.09.10"]
[Round "6.14"]
[White "Janaszak, Dawid"]
[Black "Mis, Mieszko"]
[Result "0-1"]
[WhiteElo "2356"]
[BlackElo "2350"]
[Annotator "TA"]
[PlyCount "84"]
[EventDate "2020.09.05"]
[EventType "team-tourn"]
[EventCountry "POL"]
[SourceTitle "playchess.com"]
[Source "ChessBase"]
[SourceQuality "1"]

{[%evp 9,84,49,54,0,4,11,7,-5,4,-24,-24,-34,-31,-32,-18,-8,0,0,0,14,29,6,28,14,12,8,24,33,25,0,0,0,-20,-38,-36,-81,-66,-51,-25,-47,-37,-40,-8,-63,77,60,156,147,243,239,235,148,135,-6,116,85,112,-66,-72,-70,-68,-92,-76,-141,-145,-395,-131,-185,-175,-643,-630,-711,-698,-1281,-1268,-5010,-4081]} 1. d4 Nf6 2. Nf3 e6 3. Bf4 c5 4. e3 Qb6 5. Na3 cxd4 {...Qa5+ is the strong threat.} 6. Nc4 {A46: 1 d4 Nf6 2 Nf3 e6: Torre, London and Colle Systems.} (6. Nb5 $5 {[%cal Rb5c7]} Na6 7. exd4 $14 (7. Nfxd4 d6 $11) (7. Qxd4 Bc5 $11)) 6... Qb4+ 7. c3 dxc3 8. bxc3 {[#] The position is equal.} Qc5 $146 {[%mdl 2048] Black is fighting back} ({Predecessor:} 8... Qxc3+ 9. Nfd2 d5 10. Rc1 Qb4 11. a3 Qe7 12. Nd6+ {1-0 (12) Birkisson,B (2234)-Hrafnsson,H (1659) Reykjavik 2019}) 9. Rb1 Ne4 10. Qc2 {And now Bxb8 would win.} d5 11. Bd3 Nc6 {Threatening ...f6.} 12. Bxe4 Qxc4 13. Bd3 Qc5 14. O-O g6 15. Rb5 Qa3 16. Rb3 Qe7 $1 17. e4 Bg7 18. exd5 exd5 19. Bg5 Qc7 20. c4 {Black must now prevent Re1+.} d4 21. Re1+ Be6 22. Qc1 O-O 23. Bf4 Qc8 24. Ng5 Na5 25. Rb4 Re8 26. h4 (26. Ne4 $11) 26... Bf8 (26... b6 $15 {keeps the upper hand.}) 27. Rb5 $16 b6 (27... Nc6 $14) 28. Ne4 Qd8 (28... Bg7 $16 {was necessary.}) 29. Bg5 $1 $18 {[%cal Rg5d8]} Be7 30. Bxe7 Qxe7 31. Qh6 (31. Qf4 $1 $16 Bf5 32. Rxf5 gxf5 33. Qxf5) 31... f6 (31... Bxc4 $11 {remains equal.} 32. Rh5 f5 33. Bxc4+ Nxc4 34. Rxf5 Kh8) 32. Qf4 Bf5 33. Rxf5 $2 (33. Re2 $16) 33... gxf5 $15 34. Qxf5 Kh8 35. Rb1 Rf8 36. Rb5 {[#]} (36. c5 $142) 36... Nc6 $1 $17 37. f4 $2 {[#]} (37. Nd2 $17) 37... Rae8 $2 (37... Nb4 $1 $19 {[%cal Rb4d3]} 38. Rd5 Nxd5 39. cxd5 Rad8) 38. Rd5 (38. a3 $17) 38... Qg7 $19 {Threatens to win with ...Ne7.} 39. Kh2 $2 (39. Rd7 Re7 40. Rd6) 39... Ne7 $1 {[%csl LRd5,LRf5][%mdl 64] Double Attack. Black is clearly winning.} 40. Qd7 Nxd5 41. Qxd5 Rg8 {[%csl Gg8][%cal Rg7g2]} 42. Bf1 Qg4 {What a bad dream for White. Accuracy: White = 44%, Black = 60%.} 0-1

[Event "POL-chT 1st League 2020"]
[Site "Ustron"]
[Date "2020.09.10"]
[Round "6.16"]
[White "Szyszylo, Rafal"]
[Black "Chyzy, Jakub"]
[Result "0-1"]
[WhiteElo "2188"]
[BlackElo "2249"]
[Annotator "TA"]
[PlyCount "78"]
[EventDate "2020.09.05"]
[EventType "team-tourn"]
[EventCountry "POL"]
[SourceTitle "playchess.com"]
[Source "ChessBase"]
[SourceQuality "1"]

{[%evp 10,78,36,28,35,38,52,40,31,29,25,36,28,38,57,-65,-45,-91,-80,-77,-69,-133,-115,-103,-8,-176,-172,-327,-316,-367,-380,-377,-357,-439,-429,-384,-359,-422,-416,-461,-451,-496,-460,-543,-537,-556,-536,-599,-596,-720,-718,-704,-731,-858,-858,-815,-833,-797,-740,-1122,-767,-1332,-1270,-1212,-916,-1366,-1335,-1579,-1564,-1720,-1683]} 1. e4 e5 2. Nf3 Nc6 3. Bb5 Nge7 4. c3 g6 5. d4 exd4 6. cxd4 a6 {C60: Ruy Lopez: Unusual Black 3rd moves and 3...g6.} 7. Ba4 b5 8. Bc2 Bg7 {White is slightly better.} 9. O-O O-O 10. d5 Na5 11. Nbd2 c5 {[#]} 12. d6 $146 (12. Re1 $14) ({Predecessor:} 12. Re1 d6 13. a4 Bd7 14. Rb1 c4 15. Nf1 b4 16. b3 cxb3 17. Bxb3 Nxb3 18. Qxb3 {0-1 (37) Klein,F (2350)-Schuh,D (2348) Belgium 2019}) 12... Nec6 $15 13. e5 Nxe5 14. Nxe5 Bxe5 15. Nf3 (15. Ne4 $15) 15... Bg7 16. Bg5 Bf6 (16... Qb6 $17 {And now ...Bb7 would win.} 17. Re1 Bb7) 17. Bh6 $2 {[#] This costs White the game.} (17. Qd2 $11) 17... Re8 $1 $19 ({And not} 17... Bxb2 18. Bxf8 Qxf8 19. Rb1 $11) 18. Qd5 $2 (18. Re1 {was called for.} Bb7 19. Rxe8+ Qxe8 20. Qd2 Bxf3 21. Qxa5) 18... Bb7 19. Qd1 Bxb2 20. Rb1 Bg7 21. Bf4 Qf6 22. Bg3 Bf8 23. Bb3 Nxb3 24. Rxb3 Re6 {Black is clearly winning.} 25. a4 b4 26. Qc1 Rc8 27. Ng5 Ree8 28. h4 a5 29. Qc4 h6 30. Nf3 Qe6 31. Qc2 Be4 32. Qd1 Qd5 33. Nd2 Bxg2 34. Re1 Bh3 {[%csl Gh3][%cal Rd5g2] [#]} 35. f3 c4 36. Rb1 Bf5 37. Rc1 c3 38. Nb3 Rxe1+ 39. Bxe1 Qxd1 {Accuracy: White = 28%, Black = 83%.} 0-1

[Event "POL-chT 1st League 2020"]
[Site "Ustron"]
[Date "2020.09.10"]
[Round "6.17"]
[White "Czernek, Tymon"]
[Black "Kucza, Karol"]
[Result "1/2-1/2"]
[WhiteElo "2267"]
[BlackElo "2285"]
[Annotator "TA"]
[PlyCount "69"]
[EventDate "2020.09.05"]
[EventType "team-tourn"]
[EventCountry "POL"]
[SourceTitle "playchess.com"]
[Source "ChessBase"]
[SourceQuality "1"]

{[%evp 19,69,16,27,0,-2,-32,-33,-40,-39,-36,-21,-29,0,0,0,0,0,-13,0,0,0,-22,0,0,0,0,0,0,0,0,14,0,-9,-7,-6,-12,-7,0,0,0,0,0,0,0,0,-7,0,0,-1,-8,0,0]} 1. e4 c5 2. Nf3 d6 3. d4 cxd4 4. Nxd4 Nf6 5. Nc3 Nc6 6. Be2 g6 7. Be3 Bg7 8. O-O O-O 9. h3 Bd7 10. Qd2 Rc8 11. Nxc6 {B73: Sicilian Dragon: Classical System without 9 Nb3.} Bxc6 12. Bf3 Nd7 13. Bh6 {[#] Black is slightly better.} ({Don't go for} 13. Bxa7 $2 b6 $19) 13... Bxh6 $146 ({Predecessor:} 13... Ne5 14. Be2 Bxh6 15. Qxh6 Qb6 16. Rab1 Qc5 17. Qd2 Nc4 18. Bxc4 Qxc4 19. Qe3 a6 {0-1 (58) Czegledi,Z (2193)-Joo,J (100) Hungary 2008}) 14. Qxh6 Qb6 15. Rab1 Nf6 16. Qd2 {The position is equal.} Qc5 17. Rfe1 Rfd8 18. Qf4 Qe5 19. Qe3 b6 20. Qd3 Rc7 21. Nd5 Bxd5 22. exd5 Qf5 23. Be4 Qg5 24. g3 Nd7 25. f4 Qf6 26. c3 Nc5 27. Qe3 Nxe4 28. Qxe4 Rdc8 29. Rbd1 Kf8 30. Rd4 b5 31. g4 Rc4 32. Red1 a5 33. a3 h6 34. Kg2 Kg7 35. Kg3 {Accuracy: White = 90%, Black = 95%.} 1/2-1/2

[Event "POL-chT 1st League 2020"]
[Site "Ustron"]
[Date "2020.09.10"]
[Round "6.18"]
[White "Czerwinska, Milena"]
[Black "Wikar, Martyna"]
[Result "0-1"]
[WhiteElo "2010"]
[BlackElo "2045"]
[Annotator "TA"]
[PlyCount "78"]
[EventDate "2020.09.05"]
[EventType "team-tourn"]
[EventCountry "POL"]
[SourceTitle "playchess.com"]
[Source "ChessBase"]
[SourceQuality "1"]

{[%evp 17,78,19,33,-22,0,-42,-14,-49,0,-66,-75,-156,-108,-151,-66,-62,-62,-52,-52,-50,-59,-202,-185,-194,-186,-192,-197,-196,-197,-182,-173,-203,-66,-257,-262,-206,-208,-329,-319,-444,-448,-702,-529,-515,-510,-555,-399,-445,-431,-438,-436,-664,-647,-634,-641,-627,-538,-632,-624,-603,-581,-2235,-1989]} 1. e4 c5 2. Nf3 d6 3. d4 cxd4 4. Nxd4 Nf6 5. Nc3 a6 6. Bg5 e6 7. f4 Be7 8. Qf3 Qc7 9. O-O-O Nc6 10. h3 {B98: Sicilian Najdorf: 6 Bg5 e6 7 f4 Be7, sidelines.} (10. Nxc6 $14 bxc6 11. e5 dxe5 12. fxe5) 10... h6 11. Bh4 Bd7 12. Bf2 {The position is equal.} Rc8 {[#]} 13. Rd2 $146 (13. Bd3 $11) ({Predecessor:} 13. Kb1 b5 14. Bd3 Nxd4 15. Bxd4 b4 16. e5 bxc3 17. exf6 Bxf6 18. Bxf6 gxf6 19. b3 {0-1 (31) Julkunen,T (1988)-Koivusalo,V (1896) Kurikka 2008}) 13... b5 $15 {[%cal Bb7b5,Bb5b4][%mdl 32]} 14. g4 (14. Kb1 $142) 14... b4 15. Nd1 Qa5 (15... Nxd4 $17 16. Bxd4 Qa5) 16. Kb1 Nxd4 17. Rxd4 d5 18. exd5 $1 Nxd5 19. Rc4 (19. Rg1 $15) 19... O-O $19 20. Rg1 Bc6 {[#] White must now prevent ...Nc3+!} 21. Qg3 Nb6 22. Bxb6 Qxb6 23. g5 hxg5 24. fxg5 Bd6 ({Black should play} 24... Bc5 $19 25. Rxc5 Qxc5) 25. Qg4 $2 {[#]} ({White should try} 25. Qe3 $15 Qxe3 26. Nxe3) 25... Bf3 $1 {[%mdl 512]} 26. Qxf3 {aiming for Rg2.} Qxg1 $40 {[%mdl 128] Black has strong attack.} 27. Rh4 (27. Rg4 $142 Qh2 28. Bc4) 27... Qxg5 28. Rh5 Qf4 29. Qg2 (29. Qxf4 $142 Bxf4 30. Nf2) 29... Rc5 30. Rxc5 Bxc5 31. Bxa6 g6 32. Bd3 Kg7 {Black is clearly winning.} 33. c3 Rd8 34. Bc2 (34. Qe2 $142) 34... bxc3 35. Nxc3 Rd2 36. Qh1 Rh2 37. Qd1 Rxh3 38. a4 Qb4 39. Ka2 Bd4 {Accuracy: White = 27%, Black = 71%.} 0-1

[Event "POL-chT 1st League 2020"]
[Site "Ustron"]
[Date "2020.09.10"]
[Round "6.19"]
[White "Kowalski, Igor"]
[Black "Kuzmicz, Krystian"]
[Result "1/2-1/2"]
[WhiteElo "2397"]
[BlackElo "2468"]
[Annotator "TA"]
[PlyCount "35"]
[EventDate "2020.09.05"]
[EventType "team-tourn"]
[EventCountry "POL"]
[SourceTitle "playchess.com"]
[Source "ChessBase"]
[SourceQuality "1"]

{[%evp 23,35,0,1,1,2,2,0,0,0,0,0,0,0,0]} 1. c4 c5 2. g3 g6 3. Bg2 Bg7 4. Nc3 Nc6 5. e3 e6 6. Nge2 Nge7 7. O-O O-O 8. d4 cxd4 9. exd4 d5 10. cxd5 Nxd5 11. Nxd5 exd5 12. Be3 Bg4 {The position is equal.} 13. h3 {A36: Symmetrical English vs ...g6: 4 Bg2 Bg7.} Bxe2 14. Qxe2 Nxd4 15. Bxd4 Bxd4 16. Rad1 Qf6 17. Bxd5 {[#]} Rad8 $146 ({Predecessor:} 17... Bxb2 18. Bxb7 Rad8 19. Qf3 Qxf3 20. Bxf3 Bf6 21. Rd5 Kg7 22. Rfd1 Rxd5 23. Rxd5 Rd8 {½-½ (33) Jeric,S (2295)-Supancic,D (2354) Gostovanja 2010}) 18. Qf3 {An uneventful encounter.} 1/2-1/2

[Event "POL-chT 1st League 2020"]
[Site "Ustron"]
[Date "2020.09.10"]
[Round "6.20"]
[White "Butkiewicz, Lukasz"]
[Black "Chylewski, Patryk"]
[Result "1/2-1/2"]
[WhiteElo "2393"]
[BlackElo "2324"]
[Annotator "TA"]
[PlyCount "33"]
[EventDate "2020.09.05"]
[EventType "team-tourn"]
[EventCountry "POL"]
[SourceTitle "playchess.com"]
[Source "ChessBase"]
[SourceQuality "1"]

{[%evp 12,33,8,6,11,11,15,14,23,0,0,-9,2,2,14,0,2,0,16,0,6,0,16,-18]} 1. d4 Nf6 2. c4 e6 3. g3 d5 4. Nf3 Bb4+ 5. Bd2 Be7 6. Bg2 c6 7. Qc2 b6 {E11: Bogo-Indian.} 8. O-O Bb7 9. Bf4 Na6 10. Nbd2 O-O {The position is equal.} 11. Rad1 {[#]} Qc8 $146 ({Predecessor:} 11... Rc8 12. e4 c5 13. exd5 exd5 14. Qb1 dxc4 15. dxc5 Rxc5 16. Rfe1 Nb4 17. Nxc4 Nbd5 18. Rxe7 Qxe7 19. Bd6 Qe2 20. Bxc5 bxc5 21. Nfe5 Qh5 {½-½ (21) Soppe,G (2440)-Zarnicki,P (2550) Villa Martelli 1997}) 12. Qb1 c5 13. dxc5 Nxc5 14. Rc1 {Threatens to win with cxd5.} dxc4 15. Nxc4 {And now Nd6 would win.} Be4 16. Qa1 Qa6 17. b3 {A rather calm draw. Accuracy: White = 90%, Black = 100%.} 1/2-1/2

[Event "POL-chT 1st League 2020"]
[Site "Ustron"]
[Date "2020.09.10"]
[Round "6.21"]
[White "Kokoszczynski, Jan"]
[Black "Bronowicki, Mateusz"]
[Result "1/2-1/2"]
[WhiteElo "2231"]
[BlackElo "2243"]
[Annotator "TA"]
[PlyCount "80"]
[EventDate "2020.09.05"]
[EventType "team-tourn"]
[EventCountry "POL"]
[SourceTitle "playchess.com"]
[Source "ChessBase"]
[SourceQuality "1"]

{[%evp 10,80,35,23,28,23,12,0,34,32,25,33,45,39,65,15,23,23,23,0,0,-41,18,21,21,16,27,27,28,25,31,19,34,34,41,39,34,30,49,44,57,53,77,60,59,22,38,0,0,1,75,23,31,14,28,0,29,0,0,0,0,0,0,0,43,0,0,0,0,0,0,-8,-8]} 1. e4 g6 2. d4 Bg7 3. Nc3 d6 4. Be3 a6 5. a4 Nc6 6. h3 e5 {B06: Modern Defence.} 7. Nf3 exd4 8. Nxd4 Nge7 9. Bc4 O-O 10. O-O {[#]} Kh8 $146 ({Predecessor:} 10... Nxd4 11. Bxd4 Bxd4 12. Qxd4 Nc6 13. Qd2 Be6 14. Nd5 Ne5 15. Be2 Nd7 16. b4 a5 {0-1 (47) Meyer,F (2212)-Meister,P (2359) Germany 2018}) 11. Re1 f5 {next ...f4 is good for Black.} 12. exf5 Nxf5 13. Nxf5 Bxf5 14. Qd2 Qh4 15. f4 Rae8 (15... g5 $1 $15) 16. Nd5 $11 Qd8 17. c3 Ne7 18. Bd4 {[#] Black must now prevent Bxg7+.} Nxd5 19. Bxd5 c6 20. Bf3 d5 21. Bc5 Rxe1+ 22. Rxe1 Re8 23. Re3 Qd7 24. g4 Be6 25. Bd4 Bf7 26. Bxg7+ Kxg7 27. Qd4+ Kg8 28. Kf2 Rxe3 29. Qxe3 h5 (29... a5 $11 {remains equal.}) 30. Kg3 (30. a5 $16) 30... hxg4 31. Bxg4 Qd8 32. Qa7 Qc7 33. a5 c5 34. Qa8+ Kg7 35. Qc8 Qxa5 36. Qxb7 {[#] Be6! is the strong threat.} Qb5 37. Qe7 Qxb2 {The position is equal.} 38. Qxc5 Qd2 39. Qc7 Qe1+ 40. Kf3 Qe4+ {Accuracy: White = 69%, Black = 82%.} 1/2-1/2

[Event "POL-chT 1st League 2020"]
[Site "Ustron"]
[Date "2020.09.10"]
[Round "6.22"]
[White "Brodowski, Piotr"]
[Black "Praczukowski, Stanislaw"]
[Result "1-0"]
[WhiteElo "2446"]
[BlackElo "2173"]
[Annotator "TA"]
[PlyCount "81"]
[EventDate "2020.09.05"]
[EventType "team-tourn"]
[EventCountry "POL"]
[SourceTitle "playchess.com"]
[Source "ChessBase"]
[SourceQuality "1"]

{[%evp 17,81,-18,1,-32,-36,-35,-31,-115,-106,-107,-103,-116,-116,-112,-123,-119,-104,-112,-109,-120,-120,-118,-118,-118,-112,-121,-86,-93,-71,-64,-61,-194,-140,-154,-106,-106,-104,-122,-121,-126,-25,-149,-156,-142,-137,-140,-132,-233,-93,-231,-94,-134,0,-70,123,110,587,607,29991,29992,29992,29993,29993,29994,29994,29995]} 1. Nf3 Nf6 2. c4 b6 3. g3 c5 4. Bg2 Bb7 5. O-O g6 6. Nc3 Bg7 7. d3 O-O 8. e4 d6 9. Be3 Nc6 10. Qd2 {A30: Symmetrical English: Double Fianchetto and Hedgehog.} Ng4 {[#]} 11. Bg5 $146 ({Predecessor:} 11. Rad1 Nxe3 12. fxe3 a6 13. a4 Rb8 14. d4 Ba8 15. Qe2 Qc8 16. b3 h6 17. Rf2 Kh7 {0-1 (71) Gudimov,A (2174)-Spirin,O (2307) Rybinsk 2001}) 11... f6 12. h3 (12. Be3 $15) 12... fxg5 $17 13. hxg4 h6 14. Rae1 Qd7 15. Nh2 Bd4 16. Kh1 e5 $1 17. Nd5 Kg7 18. Bf3 Rf7 19. Bd1 Raf8 {[%cal Rd4f2]} 20. f3 Nd8 21. Kg2 Ne6 22. Rh1 h5 23. gxh5 gxh5 24. Ne3 (24. Nf1 $1 $15) 24... Bxe3 (24... Rf6 $19 25. Qe2 Kg8) 25. Qxe3 Qe7 26. Ref1 Qf6 27. Kf2 Nd4 28. Ke1 b5 (28... Bc8 $17 {White must now prevent ...Qg6.} 29. Rf2 Rh8) 29. Kd2 (29. cxb5 $11 Nxb5 30. Rf2) 29... bxc4 30. dxc4 Rb8 31. Kc1 Ba6 32. b3 {[#]} (32. Rf2 $17) 32... Rfb7 (32... Bxc4 $1 $19 {[%mdl 512] has better winning chances. Strongly threatening ...Be6.} 33. bxc4 Rfb7) 33. Qd3 (33. Ng4 $17 {was necessary.} Qg6 34. f4 hxg4 35. fxe5 dxe5 36. Bxg4) 33... Rb4 $19 34. Rf2 {[#]} d5 {[#]} ({Better is} 34... Bxc4 $1 $17 {[%mdl 512]} 35. bxc4 d5 $1 {[%mdl 512]}) 35. exd5 {[#]} (35. Ng4 $1 $11 {[%mdl 512]} hxg4 36. exd5) 35... e4 $2 (35... Bxc4 $1 $15 {[%mdl 512] keeps the upper hand.} 36. Qe4 (36. bxc4 $2 e4 $19) 36... Nxb3+ $1 {[%mdl 512]} 37. axb3 Bxb3 {[%mdl 64] Discovered Attack}) 36. Qxe4 $16 {Threatens to win with Ng4!} Bxc4 $2 {[%mdl 8192] [#]} (36... Nf5 $16 {is more resistant.}) 37. Ng4 $1 $18 {[%cal Rg4f6]} hxg4 38. Qh7+ {White mates.} Kf8 39. fxg4 {[%mdl 64] Discovered Attack} ({Weaker is} 39. Qh8+ Qxh8 40. Rxh8+ Ke7 $17) 39... Qxf2 40. Qh8+ Ke7 41. Qe5+ {[%mdl 64] Double Attack. Accuracy: White = 63%, Black = 55%.} 1-0

[Event "POL-chT 1st League 2020"]
[Site "Ustron"]
[Date "2020.09.10"]
[Round "6.23"]
[White "Redzisz, Michal"]
[Black "Skawinski, Arkadiusz"]
[Result "0-1"]
[WhiteElo "2164"]
[BlackElo "2384"]
[Annotator "TA"]
[PlyCount "60"]
[EventDate "2020.09.05"]
[EventType "team-tourn"]
[EventCountry "POL"]
[SourceTitle "playchess.com"]
[Source "ChessBase"]
[SourceQuality "1"]

{[%evp 9,60,0,0,-21,-25,-9,-12,-19,-18,-25,-23,-31,0,-43,-28,-43,-41,-46,-31,-49,-20,-36,-43,-53,-54,-95,-95,-98,-96,-202,-199,-198,-193,-183,-166,-279,-232,-341,-297,-327,-310,-356,-354,-486,-491,-571,-569,-825,-843,-835,-793,-1268,-929]} 1. d4 d5 2. c4 e6 3. g3 dxc4 4. Nf3 c5 5. Bg2 Nc6 {[%cal Rc5d4]} 6. e3 {A30: Symmetrical English: Double Fianchetto and Hedgehog.} cxd4 7. exd4 Nf6 8. O-O {The position is equal.} Be7 {[#]} 9. Nbd2 $146 ({Predecessor:} 9. Be3 O-O 10. Nbd2 Bd7 11. Nxc4 Nb4 12. Nfe5 Nbd5 13. Qb3 b6 14. Bd2 Rc8 15. Ne3 {½-½ (61) Chirivi Castiblanco,J (2188)-Velasquez,A (1957) Cartagena 2019}) 9... Nxd4 10. Nxc4 Nc6 11. Qe2 Nd5 12. Rd1 O-O 13. Ne3 Bf6 14. Ng4 b6 15. Nxf6+ Qxf6 16. Bg5 Qf5 17. Rac1 Bb7 18. h4 {[#] aiming for Rxc6!} Rac8 19. Rxc6 (19. Be3 $17) 19... Bxc6 $19 20. Nd4 Qg6 21. f4 {Threatens to win with h5.} Ba4 22. Re1 (22. Rf1 $142 Rc2 23. Nxc2 Bxc2 24. h5) 22... Nf6 23. Bf3 (23. g4 $142 h6 24. h5) 23... h5 24. Qa6 Bc2 25. Nc6 {[#] Black must now prevent Ne7+.} Rc7 26. Ne5 Qf5 {Black is clearly winning.} 27. Qe2 Rfc8 28. Rc1 Be4 29. Rxc7 Rxc7 30. Qd2 Bd5 {Accuracy: White = 42%, Black = 77%.} 0-1

[Event "POL-chT 1st League 2020"]
[Site "Ustron"]
[Date "2020.09.10"]
[Round "6.24"]
[White "Przezdziecka, Ewa"]
[Black "Moscicka, Pola"]
[Result "1/2-1/2"]
[WhiteElo "2166"]
[BlackElo "1880"]
[Annotator "TA"]
[PlyCount "60"]
[EventDate "2020.09.05"]
[EventType "team-tourn"]
[EventCountry "POL"]
[SourceTitle "playchess.com"]
[Source "ChessBase"]
[SourceQuality "1"]

{[%evp 14,60,44,39,52,28,52,50,66,14,33,22,27,31,35,24,27,14,68,69,76,47,47,42,55,43,46,37,51,42,70,55,69,51,60,62,59,49,49,26,70,41,72,36,87,8,99,0,87]} 1. d4 Nf6 2. Nf3 e6 3. c3 d5 4. Bg5 c5 5. e3 Nc6 6. Nbd2 cxd4 7. exd4 Be7 8. Bd3 Nh5 {D03: 1 d4 d5 2 Nf3 Nf6 3 Bg5, including Torre Attack with early ...d5.} 9. Be3 O-O 10. Ne5 {[#]} g6 $146 {White is slightly better.} ({Predecessor:} 10... Nxe5 11. dxe5 g6 12. O-O Bd7 13. f4 f5 14. exf6 Bxf6 15. Nf3 Qc7 16. Qd2 Ng7 {½-½ (50) Gandolfi,G (1830)-Owen,D (2055) London 2009}) 11. f4 ({White should try} 11. h4 $14) 11... f5 12. Ndf3 Nf6 13. O-O Ne4 14. Qe1 Bd7 15. Bf2 Nxf2 (15... Nxe5 $11 16. Nxe5 Bf6) 16. Rxf2 $14 Bf6 17. Nxc6 bxc6 18. b4 a5 19. a3 Qc7 20. g3 Rfe8 21. Rfa2 Bc8 22. Qe2 Qb6 23. h4 Ba6 24. Bxa6 Rxa6 25. Ne5 {[#] And now Nd7 would win.} Ra7 26. Kg2 Qc7 27. Kf3 Kg7 28. Kf2 h6 (28... Bxe5 $14 29. Qxe5+ Qxe5 30. fxe5 Rb8) 29. Kg2 (29. Nd3 $16) 29... Qd6 (29... Bxe5 $11 30. Qxe5+ Qxe5 31. fxe5 g5) 30. Kf2 Qc7 {Accuracy: White = 74%, Black = 65%.} 1/2-1/2

[Event "POL-chT 1st League 2020"]
[Site "Ustron"]
[Date "2020.09.10"]
[Round "6.25"]
[White "Pakleza, Zbigniew"]
[Black "Plichta, Kamil"]
[Result "1/2-1/2"]
[WhiteElo "2503"]
[BlackElo "2383"]
[Annotator "TA"]
[PlyCount "46"]
[EventDate "2020.09.05"]
[EventType "team-tourn"]
[EventCountry "POL"]
[SourceTitle "playchess.com"]
[Source "ChessBase"]
[SourceQuality "1"]

{[%evp 10,46,20,20,15,2,2,0,2,0,0,-4,18,14,20,23,22,9,18,14,41,41,46,0,0,0,0,4,7,0,0,0,0,0,0,0,0,0,0]} 1. Nf3 Nf6 2. d4 g6 3. e3 Bg7 4. Be2 O-O 5. O-O d6 6. b3 a5 {6...e5 is the modern continuation. A48: 1 d4 Nf6 2 Nf3 g6: Torre, London and Colle Systems.} 7. c4 e5 8. dxe5 {[#]} dxe5 $146 ({Predecessor:} 8... Ng4 9. Nc3 Nd7 10. Bb2 Ngxe5 11. Qc2 Nc5 12. Nxe5 Bxe5 13. Rad1 Bf5 14. Qc1 Re8 {½-½ (49) Petrosyan,M (2569)-Tutisani,N (2394) Batumi 2018}) 9. Ba3 ({Not} 9. Nxe5 $2 Nfd7 $19) 9... Re8 10. Nc3 e4 (10... Bf5 {seems wilder.} 11. Qc1 Na6 12. Rd1 Qc8 13. Bb2 Nc5) 11. Qxd8 Rxd8 12. Rad1 Re8 13. Nd4 c6 14. Na4 Nbd7 15. Bd6 Bf8 16. Bg3 Nc5 {The position is equal.} 17. Nb6 Ra6 18. Nxc8 Rxc8 19. Nc2 Raa8 20. Rd2 Be7 21. Rfd1 Kf8 22. Be5 h5 23. h3 Ke8 {Accuracy: White = 93%, Black = 94%.} 1/2-1/2